The social appraisal of projects (Record no. 1660)
[ view plain ]
| 000 -LEADER | |
|---|---|
| fixed length control field | nam a22 a 4500 |
| 005 - DATE AND TIME OF LATEST TRANSACTION | |
| control field | 20170511121145.0 |
| 008 - FIXED-LENGTH DATA ELEMENTS--GENERAL INFORMATION | |
| fixed length control field | 170511b1981 enk||||| |||| 00| 0 eng d |
| 020 ## - INTERNATIONAL STANDARD BOOK NUMBER | |
| International Standard Book Number | 0333193040 |
| 040 ## - CATALOGING SOURCE | |
| Original cataloging agency | AKMAL |
| 082 ## - DEWEY DECIMAL CLASSIFICATION NUMBER | |
| Classification number | 335 PEA |
| 090 ## - LOCALLY ASSIGNED LC-TYPE CALL NUMBER (OCLC); LOCAL CALL NUMBER (RLIN) | |
| Classification number (OCLC) (R) ; Classification number, CALL (RLIN) (NR) | 335 |
| Local cutter number (OCLC) ; Book number/undivided call number, CALL (RLIN) | PEA |
| 100 ## - MAIN ENTRY--PERSONAL NAME | |
| Dates associated with a name | Pearce, David W. |
| 9 (RLIN) | 3395 |
| 245 14 - TITLE STATEMENT | |
| Title | The social appraisal of projects |
| Remainder of title | a text in cost-benefit analysis / |
| Statement of responsibility, etc. | D.W. Pearce, C.A. Nash |
| 260 ## - PUBLICATION, DISTRIBUTION, ETC. | |
| Place of publication, distribution, etc. | London |
| Name of publisher, distributor, etc. | Macmillan |
| Date of publication, distribution, etc. | 1981. |
| 300 ## - PHYSICAL DESCRIPTION | |
| Extent | xiv,225p. |
| Other physical details | ill. |
| Dimensions | 25cm |
| 500 ## - GENERAL NOTE | |
| General note | Bibliography: p215-221. - Includes index. |
| 650 ## - SUBJECT ADDED ENTRY--TOPICAL TERM | |
| Topical term or geographic name entry element | Cost effectiveness. |
| 9 (RLIN) | 3396 |
| 700 ## - ADDED ENTRY--PERSONAL NAME | |
| Personal name | Nash, Chris |
| Dates associated with a name | 1947- |
| 9 (RLIN) | 3397 |
| 852 ## - LOCATION | |
| Location | British Library |
| Sublocation or collection | HMNTS |
| 942 ## - ADDED ENTRY ELEMENTS (KOHA) | |
| Source of classification or shelving scheme | |
| Koha item type | Book |
| Withdrawn status | Lost status | Source of classification or shelving scheme | Damaged status | Not for loan | Collection code | Home library | Current library | Shelving location | Date acquired | Inventory number | Total Checkouts | Full call number | Barcode | Date last seen | Price effective from | Koha item type |
|---|---|---|---|---|---|---|---|---|---|---|---|---|---|---|---|---|
| NON-FICTION | AKMAL Melaka | AKMAL Melaka | PINJAMAN | 11.05.2017 | 301491 | 335 PEA | 201705548 | 11.05.2017 | 11.05.2017 | Book |
